000 01552nam a2200337 c 4500
003 BLK
005 20191109122320.0
008 180410b bul|||||r ||||||| ||bul||
010 _aKNG00166131000
020 _a978-954-340-287-8
_bиздат.: New Media Group
040 _aBLK
041 _aBUL
_cBUL
072 7 _2bullib
_aН85
_xДетска художествена литература Н
080 _aРуска литература
_b821.161.1
_x-93-34
_z821.161.1-93-34
700 1 _aСтоянова, Веселина Маринова
_eпрев.
_9371058
700 1 _aВиноградова, Лидия Григориевна
_eил.
_9334348
139 _aЦаркинята жаба
_bЦ 23
245 1 0 _aЦаркинята жаба
_bРус. нар. приказка
_cпрев. Веселина Маринова Стоянова; ил. Лидия Григориевна Виноградова.
257 _aRUS
260 София
_bNew Media Group
_c2013
_fСофия : Алианс принт
300 _a32 с.
_bс цв. ил.
_c20 см
380 _aDX
490 1 _aДетство мое : Вълшебни приказки в картинки
_v57
500 _aБез сведение за ориг. загл. ; Ориг. загл. Царевна-лягушка. - Детство мое = ISSN C633-4717.
659 _aН
852 _aЦб 271281
856 4 _qpdf
_u
856 4 _qpdf
_u
942 _cKNG
_n0
_01
944 _aCR
_c16.10.2014
_lф /
_kПенка_Димитрова
944 _aED
_c28.11.2016
_lф /
_kВиолета_Тройчева
999 _c159070
_d159070